00392 a2200145 4500003000400000005001700004008004100021020001800062040000900080082001500089100002100104245007800125260003300203300001000236OSt20231009141506.0231009b |||||||| |||| 00| 0 eng d a9780670087792 coclc a823bMUR/R aMurugan, Perumal aRESOLVE /cPerumal Murugan; translated from Tamil by Aniruddhan Vasudevan bPenguin Random House.c2021. a395 p